| 000 | 00487nam a2200145Ia 4500 | ||
|---|---|---|---|
| 008 | 100122s9999 xx 000 0 und d | ||
| 082 |
_b68919 _a328.3 |
||
| 100 | _aफडके य दि | ||
| 245 | _aसंसद- तेव्हा आणि आता | ||
| 260 |
_bअक्षर प्रकाशन _c2006 |
||
| 300 | _a143 | ||
| 630 | _aसंसद- तेव्हा आणि आता | ||
| 730 | _aसंसद- तेव्हा आणि आता | ||
| 942 | _cBOOK | ||
| 999 |
_c440422 _d440419 |
||